[Event "17th Asian Cities"]
[Site "Jakarta INA"]
[Date "2011.04.22"]
[Round "1.1"]
[White "Yu, Yangyi"]
[Black "Pourkashiyan, Atousa"]
[Result "1-0"]
[WhiteTitle "GM"]
[BlackTitle "WGM"]
[WhiteElo "2652"]
[BlackElo "2371"]
[WhiteTeam "Shi Jiazhuang"]
[BlackTeam "Mashhad"]
[WhiteFideId "8603820"]
[BlackFideId "12502014"]
[EventDate "2011.04.22"]

1. e4 e5 2. d4 exd4 3. Nf3 Nc6 4. Nxd4 Bc5 5. Nb3 Bb6 6. Nc3 Qf6 7. Qe2 Nge7 8.
Be3 O-O 9. O-O-O d6 10. Kb1 Be6 11. f4 Bg4 12. Qxg4 Bxe3 13. g3 Rfe8 14. Bc4 a6
15. Rhf1 b5 16. Nd5 Qg6 17. Qxg6 Nxg6 18. Be2 Bb6 19. Nxb6 cxb6 20. Rxd6 Nge7
21. e5 Rac8 22. Bf3 Rc7 23. Rfd1 h6 24. c3 Rb8 25. Be4 g6 26. Rd7 Rbc8 27. Rxc7
Rxc7 28. Rd6 Kf8 29. Nd4 Nxd4 30. cxd4 Nc8 31. Rd8+ Ke7 32. Rh8 Kd7 33. Bd5 Ke7
34. Bxf7 Rd7 35. Bxg6 1-0

[Event "17th Asian Cities"]
[Site "Jakarta INA"]
[Date "2011.04.22"]
[Round "1.1"]
[White "Ghader Pour, Shayesteh"]
[Black "Li, Chao b"]
[Result "0-1"]
[WhiteTitle "WIM"]
[BlackTitle "GM"]
[WhiteElo "2241"]
[BlackElo "2646"]
[WhiteTeam "Mashhad"]
[BlackTeam "Shi Jiazhuang"]
[WhiteFideId "12500747"]
[BlackFideId "8604436"]
[EventDate "2011.04.22"]

1. e4 d6 2. d4 Nf6 3. Nc3 g6 4. Nf3 Bg7 5. Be2 O-O 6. O-O c6 7. a4 Nbd7 8. h3 e5
9. dxe5 dxe5 10. Be3 Qe7 11. Qd3 Nc5 12. Qc4 Na6 13. Qb3 Be6 14. Bc4 Bxc4 15.
Qxc4 Rfd8 16. Rfd1 Nd7 17. Na2 Nf8 18. b4 Ne6 19. c3 Nac7 20. Rxd8+ Rxd8 21. g3
Ne8 22. Qe2 Nd6 23. Nd2 b6 24. Re1 f5 25. exf5 gxf5 26. f4 exf4 27. Bxf4 Ne4 28.
Nxe4 Nxf4 29. gxf4 fxe4 30. Nc1 Qh4 31. Qe3 Qf6 32. Ne2 Qg6+ 33. Kh2 Rd3 34. Qf2
Rf3 35. Qg2 Qxg2+ 36. Kxg2 Re3 37. Kf2 Rxh3 38. Ng3 Rh2+ 39. Kg1 Ra2 40. Nxe4 a5
41. bxa5 bxa5 42. Rd1 Rxa4 43. Rd8+ Kf7 44. Rd7+ Kg8 45. Rd8+ Bf8 46. Nf6+ Kf7
47. Nd7 Bd6 48. Ne5+ Bxe5 49. fxe5 Rc4 50. Ra8 a4 51. Kf2 Ke6 52. Ke2 Kxe5 53.
Kd3 Rh4 54. Rd8 h5 55. Rg8 Rg4 56. Rh8 h4 57. Rh5+ Kf4 58. Ra5 Kg3 59. c4 h3 60.
Rxa4 h2 61. Ra1 Kh3 0-1

[Event "17th Asian Cities"]
[Site "Jakarta INA"]
[Date "2011.04.22"]
[Round "1.1"]
[White "Wan, Yunguo"]
[Black "Khademalsharieh, Sarasadat"]
[Result "1-0"]
[BlackTitle "WFM"]
[WhiteElo "2458"]
[BlackElo "2137"]
[WhiteTeam "Shi Jiazhuang"]
[BlackTeam "Mashhad"]
[WhiteFideId "8603189"]
[BlackFideId "12512214"]
[EventDate "2011.04.22"]

1. e4 e5 2. Nf3 Nc6 3. Bb5 a6 4. Ba4 Nf6 5. O-O b5 6. Bb3 Bc5 7. a4 Rb8 8. c3 d6
9. d3 O-O 10. Re1 Bb6 11. axb5 axb5 12. Na3 Be6 13. Bxe6 fxe6 14. d4 exd4 15.
cxd4 d5 16. e5 Ne4 17. Be3 Ba5 18. Re2 Ne7 19. Qd3 c6 20. Ng5 Nxg5 21. Bxg5 Qd7
22. Bxe7 Qxe7 23. Rc1 Rb6 24. Rec2 Qd7 25. Nb1 Bb4 26. Nd2 Ra6 27. Nb3 Rfa8 28.
g3 Be7 29. Kg2 Rb6 30. Nc5 Bxc5 31. Rxc5 Ra5 32. b3 Ra2 33. R5c2 Rba6 34. Qd2
Qa7 35. Qb4 Qf7 36. Qd2 Qa7 37. Qf4 Qd7 38. h4 R6a3 39. Rxc6 1-0

[Event "17th Asian Cities"]
[Site "Jakarta INA"]
[Date "2011.04.22"]
[Round "1.1"]
[White "Alavi, Homa"]
[Black "Wang, Rui"]
[Result "0-1"]
[BlackTitle "GM"]
[WhiteElo "2008"]
[BlackElo "2437"]
[WhiteTeam "Mashhad"]
[BlackTeam "Shi Jiazhuang"]
[WhiteFideId "12507547"]
[BlackFideId "8601003"]
[EventDate "2011.04.22"]

1. d4 Nf6 2. c4 e6 3. Nf3 d5 4. Nc3 Be7 5. Bg5 O-O 6. e3 h6 7. Bh4 Ne4 8. Bxe7
Qxe7 9. cxd5 Nxc3 10. bxc3 exd5 11. Bd3 Be6 12. O-O Nd7 13. Re1 Qd6 14. Bc2 c5
15. e4 dxe4 16. Bxe4 Rab8 17. d5 Bg4 18. a4 Nf6 19. c4 Rfe8 20. Qd3 Re7 21. Bf5
Bxf3 22. Qxf3 Rbe8 23. Qc3 Qf4 24. Bh3 Qd4 0-1

[Event "17th Asian Cities"]
[Site "Jakarta INA"]
[Date "2011.04.22"]
[Round "1.2"]
[White "Sukandar, Irine Kharisma"]
[Black "So, Wesley"]
[Result "0-1"]
[WhiteTitle "WGM"]
[BlackTitle "GM"]
[WhiteElo "2354"]
[BlackElo "2667"]
[WhiteTeam "Tarakan"]
[BlackTeam "Tagaytay"]
[WhiteFideId "7101937"]
[BlackFideId "5202213"]
[EventDate "2011.04.22"]

1. e4 e6 2. d4 d5 3. Nc3 Nf6 4. Bg5 dxe4 5. Nxe4 Be7 6. Bxf6 gxf6 7. Nf3 f5 8.
Nc3 a6 9. g3 b5 10. Bg2 Bb7 11. O-O c5 12. dxc5 Bxc5 13. Qxd8+ Kxd8 14. Ne5 Bxg2
15. Kxg2 Ke7 16. Rad1 Rc8 17. Rfe1 Ra7 18. Rd3 Rac7 19. Ne2 Kf8 20. c3 Be7 21.
Ng1 Ke8 22. Ngf3 f6 23. Nd4 fxe5 24. Nxe6 Rd7 25. Rf3 Bf6 26. Nd4 Nc6 27. Nxf5
Ne7 28. Ne3 Bg7 29. Ng4 Rc5 30. Re2 h5 31. Ne3 Rd3 32. h3 Bh6 33. Nc2 Rd2 34.
Rxd2 Bxd2 35. Rf6 Rc6 36. Rxc6 Nxc6 37. Kf3 Kf7 38. Ke4 Ke6 39. Kd3 Bc1 40. b3
Kd5 41. f3 a5 42. Ne1 Ke6 43. Nc2 Ne7 44. a4 bxa4 45. bxa4 Nd5 46. Na1 Bb2 47.
Nb3 Nxc3 48. Nxa5 Nxa4 49. Nb3 Ba3 50. Ke3 Nb6 51. f4 Nd5+ 52. Kf3 exf4 53. gxf4
Bb2 54. Nc5+ Kf5 55. Ne4 Kg6 56. Nc5 Ba3 57. Nd3 Kf5 58. Kg3 Be7 59. Kf3 Bd6 60.
Kg3 Bxf4+ 61. Kh4 Bg5+ 62. Kg3 Be7 63. Kf3 Bh4 64. Kg2 Ke4 65. Nc5+ Ke3 66. Ne6
Bf2 67. Ng7 Nf4+ 68. Kh2 Kf3 69. Nf5 h4 70. Ne7 Bg3+ 71. Kh1 Kf2 72. Nd5 Ne2 73.
Nc3 Nd4 74. Nb5 Ne6 75. Nd4 Ng5 76. Ne6 Nf3 77. Nd4 Nh2 78. Nf5 Nf1 79. Nxh4 Ne3
80. Ng6 Kf1 81. h4 Nd1 0-1

[Event "17th Asian Cities"]
[Site "Jakarta INA"]
[Date "2011.04.22"]
[Round "1.2"]
[White "Antonio, Rogelio Jr"]
[Black "Medina, Warda Aulia"]
[Result "1-0"]
[WhiteTitle "GM"]
[BlackTitle "WFM"]
[WhiteElo "2589"]
[BlackElo "2035"]
[WhiteTeam "Tagaytay"]
[BlackTeam "Tarakan"]
[WhiteFideId "5200032"]
[BlackFideId "7101570"]
[EventDate "2011.04.22"]

1. e4 e6 2. d4 d5 3. Nc3 Nf6 4. Bg5 Bb4 5. e5 h6 6. Bd2 Bxc3 7. bxc3 Ne4 8. Qg4
Kf8 9. Qf4 c5 10. Bd3 Nxd2 11. Qxd2 c4 12. Be2 Nc6 13. h4 Bd7 14. Nf3 Kg8 15. a4
b6 16. h5 Kh7 17. Nh4 Rf8 18. f4 Be8 19. Qe3 f6 20. Kd2 Ne7 21. g4 Bd7 22. Rag1
fxe5 23. fxe5 Rb8 24. g5 Nf5 25. Nxf5 Rxf5 26. gxh6 gxh6 27. Rg6 Rg5 28. Rg1
Rxg6 29. Rxg6 Qf8 30. Rf6 Qg7 31. Rg6 Qf8 32. Rf6 Qg7 33. Qf4 Be8 34. Rxe6 Rd8
35. Bg4 Qg5 36. Qxg5 hxg5 37. Rd6 Rb8 38. Rxd5 Bxa4 39. e6 Be8 40. e7 Rb7 41.
Re5 Kg7 42. d5 Kf6 43. Re6+ Kf7 44. h6 1-0

[Event "17th Asian Cities"]
[Site "Jakarta INA"]
[Date "2011.04.22"]
[Round "1.2"]
[White "Sihite, Chelsie Monica"]
[Black "Gomez, John Paul"]
[Result "0-1"]
[WhiteTitle "WFM"]
[BlackTitle "GM"]
[WhiteElo "2039"]
[BlackElo "2538"]
[WhiteTeam "Tarakan"]
[BlackTeam "Tagaytay"]
[WhiteFideId "7101198"]
[BlackFideId "5201381"]
[EventDate "2011.04.22"]

1. e4 c5 2. Nf3 g6 3. d4 cxd4 4. Qxd4 Nf6 5. Nc3 Nc6 6. Qa4 d6 7. Nd5 Bg7 8.
Nxf6+ Bxf6 9. c3 O-O 10. Be2 a6 11. Bh6 Re8 12. O-O Rb8 13. Rad1 b5 14. Qc2 Qc7
15. Qd2 Be6 16. b3 Rec8 17. Nd4 Bd7 18. Be3 Qb7 19. f3 Rc7 20. c4 Bxd4 21. Bxd4
Nxd4 22. Qxd4 Rbc8 23. Kh1 Be6 24. f4 f6 25. cxb5 axb5 26. Bd3 b4 27. Bb1 Rc3
28. f5 Bf7 29. Qf2 Kg7 30. h3 R8c5 31. fxg6 hxg6 32. Rxd6 exd6 33. Qxf6+ Kg8 34.
Qd8+ Kh7 35. e5 Rxh3+ 36. Kg1 Rxe5 37. gxh3 Qa7+ 0-1

[Event "17th Asian Cities"]
[Site "Jakarta INA"]
[Date "2011.04.22"]
[Round "1.2"]
[White "Laylo, Darwin"]
[Black "Dewi, Aa Citra"]
[Result "1-0"]
[WhiteTitle "GM"]
[BlackTitle "WFM"]
[WhiteElo "2516"]
[BlackElo "1994"]
[WhiteTeam "Tagaytay"]
[BlackTeam "Tarakan"]
[WhiteFideId "5201330"]
[BlackFideId "7101244"]
[EventDate "2011.04.22"]

1. d4 Nf6 2. c4 g6 3. Nc3 Bg7 4. g3 O-O 5. Bg2 d6 6. Nf3 Nc6 7. O-O a6 8. Re1
Rb8 9. e4 Bg4 10. Be3 Nd7 11. Ne2 Nf6 12. h3 Bd7 13. Qc2 Nb4 14. Qd2 a5 15. Nc3
Qc8 16. Kh2 c5 17. dxc5 dxc5 18. a3 Na6 19. e5 Ne8 20. Nd5 Qd8 21. Bg5 f6 22.
Nxe7+ Kh8 23. Rad1 fxg5 24. Qxd7 Qxd7 25. Rxd7 Nec7 26. Nxg5 Rxf2 27. Re2 Rff8
28. e6 Bf6 29. Nf7+ Kg7 30. Nd5 Nxd5 31. Bxd5 Rbe8 32. Nd6+ Re7 33. Nxb7 Nb8 34.
Rd6 Rc7 35. Nxa5 Be7 36. Rb6 Ra7 37. Nb7 Ra6 38. Rb5 Rc8 39. Nxc5 Bxc5 40. Rxc5
Rxe6 41. Rxe6 Rxc5 42. b4 Rc7 43. b5 Ra7 44. c5 Rxa3 45. Re8 Rd3 46. Bc6 Rd2+
47. Kg1 1-0

[Event "17th Asian Cities"]
[Site "Jakarta INA"]
[Date "2011.04.22"]
[Round "1.3"]
[White "Jumabayev, Rinat"]
[Black "Tan, Khai Boon"]
[Result "1-0"]
[WhiteTitle "GM"]
[WhiteElo "2562"]
[BlackElo "2150"]
[WhiteTeam "Astana"]
[BlackTeam "Penang"]
[WhiteFideId "13702661"]
[BlackFideId "5701970"]
[EventDate "2011.04.22"]

1. d4 Nf6 2. c4 c5 3. d5 e5 4. Nc3 d6 5. g3 g6 6. Bg2 Bg7 7. Nf3 O-O 8. O-O Nbd7
9. e4 a6 10. Qc2 b5 11. cxb5 axb5 12. Nxb5 Ba6 13. Nxd6 Nb6 14. Nxf7 Rxf7 15.
Nxe5 Rc7 16. Re1 Qd6 17. Bf4 Nh5 18. Nc4 Qxf4 19. Nxb6 Qf8 20. Nxa8 Qxa8 21. e5
Bb7 22. Rad1 Bf8 23. d6 1-0

[Event "17th Asian Cities"]
[Site "Jakarta INA"]
[Date "2011.04.22"]
[Round "1.3"]
[White "Ismagambetov, Anuar"]
[Black "Looi, Xin Hao"]
[Result "1-0"]
[WhiteTitle "GM"]
[WhiteElo "2496"]
[BlackElo "1970"]
[WhiteTeam "Astana"]
[BlackTeam "Penang"]
[WhiteFideId "13701525"]
[BlackFideId "5702828"]
[EventDate "2011.04.22"]

1. e4 c5 2. Nf3 d6 3. d4 cxd4 4. Nxd4 Nf6 5. Nc3 a6 6. Bg5 e6 7. f4 Be7 8. Qe2
b5 9. O-O-O b4 10. Nb1 Qc7 11. Nd2 Bb7 12. e5 dxe5 13. fxe5 Nd5 14. h4 Nd7 15.
Nc4 O-O 16. Qe1 N7b6 17. Bxe7 Qxe7 18. Nd6 Nc8 19. Nxb7 Qxb7 20. Bd3 Nce7 21.
Qe4 g6 22. h5 Qc7 23. Rde1 Rfd8 24. Qf3 Nf5 25. Nxf5 exf5 26. g4 b3 27. a3 f4
28. e6 fxe6 29. hxg6 Ne3 30. Rxh7 1-0

[Event "17th Asian Cities"]
[Site "Jakarta INA"]
[Date "2011.04.22"]
[Round "1.3"]
[White "Lee, Kah Meng Elgin"]
[Black "Kuderinov, Kirill"]
[Result "0-1"]
[BlackTitle "IM"]
[WhiteElo "1904"]
[BlackElo "2480"]
[WhiteTeam "Penang"]
[BlackTeam "Astana"]
[WhiteFideId "5701996"]
[BlackFideId "13701568"]
[EventDate "2011.04.22"]

1. d4 d5 2. c4 e5 3. dxe5 d4 4. Nf3 Nc6 5. a3 Bg4 6. Nbd2 Nge7 7. g3 Ng6 8. Bg2
Qd7 9. h3 Be6 10. Ng5 Ngxe5 11. Nxe6 Qxe6 12. Bd5 Qd7 13. f4 Ng6 14. Nf3 Nge7
15. Qb3 g6 16. Ne5 Nxe5 17. Qxb7 Rd8 18. fxe5 Nxd5 19. cxd5 Qxd5 20. Qxd5 Rxd5
21. Bf4 Bg7 22. Rc1 O-O 23. Rxc7 g5 24. Bxg5 Bxe5 25. Rxa7 Bxg3+ 26. Kd1 Rxg5
27. Rf1 Be5 28. b4 Rg3 29. Rf3 Rxf3 30. exf3 Rc8 31. Rd7 Ra8 32. f4 Bxf4 33.
Rxd4 Be5 34. Re4 f6 35. Re3 Kf7 36. Kc2 Ke6 37. Kb3 f5 38. b5 f4 39. Rf3 Kf5 40.
a4 Ke4 41. Rf1 Bd4 42. Re1+ Be3 0-1

[Event "17th Asian Cities"]
[Site "Jakarta INA"]
[Date "2011.04.22"]
[Round "1.4"]
[White "Wong, Meng Kong"]
[Black "Ghaem Maghami, Ehsan"]
[Result "0-1"]
[WhiteTitle "GM"]
[BlackTitle "GM"]
[WhiteElo "2358"]
[BlackElo "2606"]
[WhiteTeam "Singapore"]
[BlackTeam "Tehran"]
[WhiteFideId "5800030"]
[BlackFideId "12500739"]
[EventDate "2011.04.22"]

1. c4 e6 2. g3 d5 3. Bg2 Nf6 4. Nf3 dxc4 5. Qa4+ c6 6. Qxc4 b5 7. Qc2 Bb7 8. O-O
Nbd7 9. d3 Be7 10. Bd2 O-O 11. Rc1 Rc8 12. a4 a6 13. Qd1 Qb6 14. Be3 c5 15. axb5
axb5 16. Bd2 Bc6 17. Na3 Qb7 18. Qf1 Rfe8 19. Nc2 e5 20. Nh4 e4 21. Nf5 exd3 22.
Bxc6 Qxc6 23. exd3 Bf8 24. Ne1 Ne5 25. Ne3 Qd7 26. Bc3 Nfg4 27. Nxg4 Nxg4 28. h3
Nh6 29. Rc2 Nf5 30. Re2 Rxe2 31. Qxe2 b4 32. Bd2 Nd4 33. Qg4 Qxg4 34. hxg4 Nb3
35. Rd1 g6 36. Nf3 Bg7 37. Be3 Rd8 38. Kf1 h6 39. Ke2 Bxb2 40. Bxh6 Re8+ 41. Kf1
Bc3 42. Be3 Ra8 43. Rb1 Nd4 44. Nd2 Bxd2 45. Bxd2 Ra3 46. Bxb4 cxb4 47. Rxb4
Rxd3 48. Rb8+ Kg7 49. Rd8 Rd2 50. Kg2 Nf3 51. Re8 Ng5 52. Re5 Kf6 53. Re3 Ne6
54. Rf3+ Kg7 55. Ra3 Nc5 56. Rf3 Nd3 57. Kf1 Rxf2+ 58. Rxf2 Nxf2 59. Kxf2 Kf6
60. Ke2 Kg5 61. Kf3 f6 62. Kf2 Kxg4 63. Kg2 g5 64. Kf2 Kh3 65. Kf3 f5 66. Kf2 g4 0-1

[Event "17th Asian Cities"]
[Site "Jakarta INA"]
[Date "2011.04.22"]
[Round "1.4"]
[White "Moradiabadi, Elshan"]
[Black "Iskandar, Bin Abdullah"]
[Result "1-0"]
[WhiteTitle "GM"]
[WhiteElo "2537"]
[BlackElo "1876"]
[WhiteTeam "Tehran"]
[BlackTeam "Singapore"]
[WhiteFideId "12501255"]
[BlackFideId "5802105"]
[EventDate "2011.04.22"]

1. d4 Nf6 2. c4 d6 3. Nf3 g6 4. g3 Bg7 5. Bg2 O-O 6. O-O c5 7. d5 Na6 8. Nc3 Nc7
9. e4 Rb8 10. a4 a6 11. a5 b5 12. axb6 Rxb6 13. Re1 e5 14. Qc2 Nh5 15. Bd2 f5
16. Reb1 f4 17. Na4 Rb8 18. b4 Bg4 19. Ra3 cxb4 20. Rxb4 Rxb4 21. Bxb4 Qf6 22.
Ba5 Ne8 23. Nb6 Qf7 24. c5 dxc5 25. Qxc5 Nc7 26. Nc4 Bxf3 27. Qxc7 Qxc7 28. Bxc7
Bxg2 29. Kxg2 Rc8 30. d6 1-0

[Event "17th Asian Cities"]
[Site "Jakarta INA"]
[Date "2011.04.22"]
[Round "1.5"]
[White "Barus, Cerdas"]
[Black "Esa, A H Almarazeeq"]
[Result "1-0"]
[WhiteTitle "GM"]
[WhiteElo "2443"]
[BlackElo "1786"]
[WhiteTeam "Jakarta"]
[BlackTeam "Sharjah"]
[WhiteFideId "7100094"]
[BlackFideId "9306250"]
[EventDate "2011.04.22"]

1. d4 Nf6 2. c4 e6 3. Nf3 d5 4. Nc3 Be7 5. Bg5 O-O 6. e3 h6 7. Bh4 Ne4 8. Bxe7
Qxe7 9. Qc2 c6 10. Bd3 Nxc3 11. Qxc3 dxc4 12. Bxc4 b6 13. O-O Nd7 14. Rac1 Bb7
15. Rfd1 c5 16. d5 exd5 17. Bxd5 Nf6 18. Bxb7 Qxb7 19. Rd3 Ne4 20. Qc2 Rad8 21.
Rcd1 Qe7 22. h3 Ng5 23. Nxg5 Qxg5 24. Qd2 Rxd3 25. Qxd3 Qe5 26. b3 Qe7 27. Qa6
Rb8 28. Rd5 Rd8 29. Rxd8+ Qxd8 30. Qxa7 Qd1+ 31. Kh2 Qd6+ 32. g3 h5 33. Qa8+ Kh7
34. Qe4+ g6 35. Kg2 Qd2 36. Qb7 Kg7 37. a4 Qb4 38. Qd5 h4 39. Qc4 Kf6 40. Qxb4
cxb4 41. gxh4 Ke5 42. Kf3 f5 43. Ke2 f4 44. f3 fxe3 45. Kxe3 Kd5 46. f4 1-0

[Event "17th Asian Cities"]
[Site "Jakarta INA"]
[Date "2011.04.22"]
[Round "1.5"]
[White "Omar, Noaman"]
[Black "Megaranto, Susanto"]
[Result "0-1"]
[BlackTitle "GM"]
[WhiteElo "2253"]
[BlackElo "2533"]
[WhiteTeam "Sharjah"]
[BlackTeam "Jakarta"]
[WhiteFideId "9300244"]
[BlackFideId "7101384"]
[EventDate "2011.04.22"]

1. d4 Nf6 2. c4 e6 3. Nf3 b6 4. g3 Ba6 5. Qc2 Bb4+ 6. Bd2 c5 7. Bg2 Nc6 8. dxc5
bxc5 9. O-O Bxd2 10. Nbxd2 O-O 11. Rfd1 Rb8 12. e3 Qb6 13. b3 d5 14. Rac1 Nb4
15. Qb1 Qa5 16. Bf1 Bb7 17. Ne5 d4 18. exd4 cxd4 19. Ndf3 Rfd8 20. Qb2 Bxf3 21.
Nxf3 Nc6 22. c5 e5 23. a3 Qc7 24. b4 d3 25. Bxd3 e4 26. Bxe4 Rxd1+ 27. Rxd1 Nxe4
28. Qc2 Nf6 29. Nd4 h5 30. Nxc6 Qxc6 31. Rd6 Qf3 32. Qd3 Qxd3 33. Rxd3 Kf8 34.
Kf1 a5 35. Rd4 axb4 36. axb4 Ke7 37. Ke2 Ke6 38. Rd6+ Ke5 39. Rb6 Rxb6 40. cxb6
Kd6 41. Kf3 Kc6 42. Kf4 Ng4 43. Kg5 Nxh2 44. Kxh5 Kxb6 45. Kg5 Kb5 46. Kf5 Kxb4
47. g4 Kc5 48. f4 Kd6 49. g5 Nf3 50. Ke4 Nh4 0-1

[Event "17th Asian Cities"]
[Site "Jakarta INA"]
[Date "2011.04.22"]
[Round "1.5"]
[White "Lioe, Dede"]
[Black "Abdulkarim, Ali"]
[Result "1-0"]
[WhiteTitle "IM"]
[WhiteElo "2418"]
[BlackElo "1898"]
[WhiteTeam "Jakarta"]
[BlackTeam "Sharjah"]
[WhiteFideId "7100566"]
[BlackFideId "9301640"]
[EventDate "2011.04.22"]

1. c4 c5 2. Nf3 Nc6 3. d4 cxd4 4. Nxd4 d5 5. Nxc6 bxc6 6. e3 e6 7. Be2 Bd6 8.
O-O Nf6 9. Nc3 h5 10. h3 Bc7 11. f4 g5 12. fxg5 Ng4 13. Bxg4 Qd6 14. Bf3 Ba6 15.
b3 O-O-O 16. Qc2 dxc4 17. Ne4 Qh2+ 18. Kf2 cxb3 19. Qxc6 Bb7 20. Nd6+ Rxd6 21.
Qxb7+ Kd7 22. Qb5+ Kd8 23. axb3 e5 1-0

[Event "17th Asian Cities"]
[Site "Jakarta INA"]
[Date "2011.04.22"]
[Round "1.5"]
[White "Saud, Mohamed"]
[Black "Novita, Anjas"]
[Result "1-0"]
[BlackTitle "FM"]
[WhiteElo "2087"]
[BlackElo "2344"]
[WhiteTeam "Sharjah"]
[BlackTeam "Jakarta"]
[WhiteFideId "9300457"]
[BlackFideId "7100949"]
[EventDate "2011.04.22"]

1. d4 Nf6 2. Nf3 b6 3. g3 Bb7 4. Bg2 e6 5. c4 Bb4+ 6. Nbd2 O-O 7. O-O Bxd2 8.
Bxd2 d6 9. a4 a5 10. b4 axb4 11. Bxb4 Be4 12. Bc3 Nc6 13. e3 Na5 14. Nd2 Bxg2
15. Kxg2 Qd7 16. Qf3 Ra7 17. Rfd1 Rfa8 18. e4 Ne8 19. c5 bxc5 20. dxc5 Nb7 21.
cxd6 cxd6 22. e5 d5 23. a5 Nxa5 24. Bd4 Ra6 25. Qd3 Qc6 26. Rdb1 g6 27. h4 h5
28. Nf3 Ng7 29. Rb5 Nf5 30. Rab1 Kg7 31. Qd2 Qd7 32. Bc5 Nc4 33. Qf4 Rc8 34. Nd4
Qc7 35. Nxf5+ exf5 36. Bd4 Re6 37. Rb7 Qc6 38. R1b4 Ra8 39. g4 hxg4 40. h5 Qe8
41. Rc7 Na5 42. hxg6 Kxg6 43. Be3 Kg7 44. Qxf5 Raa6 45. Rf4 Re7 46. Rxg4+ Kf8
47. Bc5 Re6 48. Qg5 1-0

[Event "17th Asian Cities"]
[Site "Jakarta INA"]
[Date "2011.04.22"]
[Round "1.6"]
[White "Yee, Soon Wei"]
[Black "Thejkumar, M. S."]
[Result "1/2-1/2"]
[WhiteTitle "FM"]
[BlackTitle "IM"]
[WhiteElo "2285"]
[BlackElo "2458"]
[WhiteTeam "Bandar Seri Begawan"]
[BlackTeam "Bangalore"]
[WhiteFideId "10500553"]
[BlackFideId "5009154"]
[EventDate "2011.04.22"]

1. e4 c6 2. d4 d5 3. Nc3 dxe4 4. Nxe4 Bf5 5. Ng3 Bg6 6. h4 h6 7. Nf3 Nd7 8. h5
Bh7 9. Bd3 Bxd3 10. Qxd3 e6 11. Bd2 Ngf6 12. O-O-O Be7 13. Ne4 Nxe4 14. Qxe4 Nf6
15. Qd3 O-O 16. g4 Nxg4 17. Rhg1 f5 18. Qe2 Kh8 19. Ne5 Nxe5 20. dxe5 Qe8 21.
Rg6 f4 22. Qg4 Bg5 23. Rxe6 Qf7 24. Bb4 f3+ 25. Kb1 Qf4 26. Qxf4 Rxf4 27. a3 Re4
28. Rd5 a5 29. Bc5 1/2-1/2

[Event "17th Asian Cities"]
[Site "Jakarta INA"]
[Date "2011.04.22"]
[Round "1.6"]
[White "Stany, G.A."]
[Black "Pg, L Wijaya Pg Hj Mohd Limbang"]
[Result "1-0"]
[WhiteElo "2407"]
[BlackElo "2301"]
[WhiteTeam "Bangalore"]
[BlackTeam "Bandar Seri Begawan"]
[WhiteFideId "5029104"]
[BlackFideId "10500480"]
[EventDate "2011.04.22"]

1. e4 e6 2. d4 d5 3. e5 Bd7 4. Nf3 h6 5. Bd3 c5 6. c3 Nc6 7. a3 Qb6 8. Bc2 cxd4
9. cxd4 Rc8 10. O-O Na5 11. Nbd2 Qa6 12. Re1 Ne7 13. Nf1 Qc6 14. Re2 Qb6 15. Ng3
Bb5 16. Re3 Qa6 17. b3 b6 18. Bb2 Qb7 19. Rc1 Nec6 20. Nh5 Ne7 21. h4 Ng8 22.
Nf4 Ne7 23. h5 Ba6 24. g4 b5 25. g5 hxg5 26. Nxg5 b4 27. a4 Qd7 28. Qf3 Rc7 29.
Nxf7 Rg8 30. Ng5 Rc6 31. Nfxe6 Qc8 32. Bg6+ Kd7 33. Rxc6 Naxc6 34. Bf7 Rh8 35.
Nxf8+ Qxf8 36. Qg4+ Nf5 37. Qxf5+ Ke7 38. Qe6+ 1-0

[Event "17th Asian Cities"]
[Site "Jakarta INA"]
[Date "2011.04.22"]
[Round "1.6"]
[White "Munir, Azizi Bin Ahmad"]
[Black "Sanjay, N."]
[Result "0-1"]
[WhiteElo "1928"]
[BlackElo "2335"]
[WhiteTeam "Bandar Seri Begawan"]
[BlackTeam "Bangalore"]
[WhiteFideId "10500057"]
[BlackFideId "5003075"]
[EventDate "2011.04.22"]

1. e4 c5 2. Nf3 a6 3. c4 e6 4. Nc3 Qc7 5. Be2 Nf6 6. O-O b6 7. d4 cxd4 8. Nxd4
Bb7 9. Qd3 d6 10. Bd1 Nbd7 11. Ba4 Rc8 12. Bxd7+ Nxd7 13. b3 b5 14. Bd2 bxc4 15.
Qe3 cxb3 16. axb3 Be7 17. Na4 O-O 18. Rac1 Qb8 19. Bc3 Bf6 20. Rfd1 Rfe8 21. h3
d5 22. exd5 Bxd5 23. Ba1 Qb7 24. f3 Rxc1 25. Rxc1 h6 26. Rb1 Rc8 27. Kh1 Qb4 28.
Qd3 Qd6 29. Ne2 Bxa1 30. Rxa1 Ne5 31. Qe3 Bb7 32. Nec3 Ng6 33. Ne4 Qe5 34. Re1
Bxe4 35. fxe4 Qb5 36. Rb1 Ne5 37. Nc3 Qd3 38. Qxd3 Nxd3 39. Nd1 Rc1 0-1

[Event "17th Asian Cities"]
[Site "Jakarta INA"]
[Date "2011.04.22"]
[Round "1.7"]
[White "Hamdani, Rudin"]
[Black "Lee, T H Bryan"]
[Result "1-0"]
[WhiteTitle "FM"]
[WhiteElo "2368"]
[BlackElo "1964"]
[WhiteTeam "Palembang"]
[BlackTeam "Hongkong"]
[WhiteFideId "7100213"]
[BlackFideId "6000584"]
[EventDate "2011.04.22"]

1. e4 e5 2. Nf3 Nc6 3. Bb5 a6 4. Ba4 Nf6 5. Qe2 b5 6. Bb3 Be7 7. c3 d6 8. a4 Na5
9. Bc2 c6 10. d4 Bg4 11. Nbd2 O-O 12. h3 Bxf3 13. Nxf3 Qc7 14. O-O Rfe8 15. Re1
Bf8 16. Bg5 Nd7 17. dxe5 dxe5 18. Red1 h6 19. Bc1 b4 20. cxb4 Bxb4 21. Nh4 Nf6
22. Nf5 Bf8 23. Qf3 Nh7 24. b4 Nb7 25. Bb3 Nd6 26. Rxd6 Bxd6 27. Bxh6 gxh6 28.
Qg4+ Ng5 29. Nxh6+ Kf8 30. Qxg5 Reb8 31. Qg8+ Ke7 32. Nf5+ Kd7 33. Qxf7+ Kc8 34.
Be6+ Kb7 35. Nxd6+ 1-0

[Event "17th Asian Cities"]
[Site "Jakarta INA"]
[Date "2011.04.22"]
[Round "1.7"]
[White "Tsao, Yui"]
[Black "Halay, Taufik"]
[Result "0-1"]
[BlackTitle "IM"]
[WhiteElo "1775"]
[BlackElo "2346"]
[WhiteTeam "Hongkong"]
[BlackTeam "Palembang"]
[WhiteFideId "6001114"]
[BlackFideId "7101392"]
[EventDate "2011.04.22"]

1. d4 d5 2. c4 e6 3. Nc3 c6 4. Nf3 dxc4 5. a4 Bb4 6. e3 b5 7. Bd2 a5 8. Be2 Nf6
9. O-O O-O 10. Ne5 Nfd7 11. f4 f6 12. Ng4 Nb6 13. axb5 Bxc3 14. Bxc3 Nd5 15. e4
Nxc3 16. bxc3 cxb5 17. e5 f5 18. Ne3 Nd7 19. g4 fxg4 20. Bxg4 Nb6 21. Bf3 Ra7
22. Be4 Raf7 23. Qh5 g6 24. Qh6 Nd5 25. Ng4 Nxc3 26. Bxg6 hxg6 27. Nf6+ Rxf6 28.
exf6 Qxd4+ 0-1